Társadalmi haladás - gazdaság - kultúra
Elmentve itt :
| Szerző: | |
|---|---|
| Testületi szerző: | |
| Dokumentumtípus: | Könyv része |
| Megjelent: |
1981
|
| Sorozat: | Szegedi Nyári Egyetem : művelődéselmélet
10 Gazdaság és kultúra : összeállítás a TIT Szegedi X. Művelődéselméleti Nyári Egyetemén elhangzott előadásokból 10 |
| Kulcsszavak: | Kultúra és társadalom, Társadalmi haladás, Kulturális haladás, Gazdasági mechanizmus - szocialista, Gazdaságpolitika - szocialista, Művelődéspolitika - szocialista |
| Tárgyszavak: | |
| Online Access: | http://acta.bibl.u-szeged.hu/44930 |
| LEADER | 01105naa a2200229 i 4500 | ||
|---|---|---|---|
| 001 | acta44930 | ||
| 005 | 20220128084835.0 | ||
| 008 | 170705s1981 hu o 0|| hun d | ||
| 022 | |a 0139-4118 | ||
| 040 | |a SZTE Egyetemi Kiadványok Repozitórium |b hun | ||
| 041 | |a hun | ||
| 100 | 1 | |a Vonsik Gyula | |
| 245 | 1 | 0 | |a Társadalmi haladás - gazdaság - kultúra |h [elektronikus dokumentum] / |c Vonsik Gyula |
| 260 | |c 1981 | ||
| 300 | |a 55-84 | ||
| 490 | 0 | |a Szegedi Nyári Egyetem : művelődéselmélet |v 10 | |
| 490 | 0 | |a Gazdaság és kultúra : összeállítás a TIT Szegedi X. Művelődéselméleti Nyári Egyetemén elhangzott előadásokból |v 10 | |
| 650 | 4 | |a Bölcsészettudományok | |
| 650 | 4 | |a Egyéb bölcsészettudományok | |
| 695 | |a Kultúra és társadalom, Társadalmi haladás, Kulturális haladás, Gazdasági mechanizmus - szocialista, Gazdaságpolitika - szocialista, Művelődéspolitika - szocialista | ||
| 710 | |a TIT Szegedi Művelődéselméleti Nyári Egyetem (10.) (1981) (Szeged) | ||
| 856 | 4 | 0 | |u http://acta.bibl.u-szeged.hu/44930/1/sznye_muveledoselmelet_010_055-084.pdf |z Dokumentum-elérés |